Manažment obchodného personálu ako faktor tvorby etickej klímy v podniku

Nová úloha a postavenie predajcov v kontexte tvorby etickej klímy podniku. Význam manažmentu predaja v otázke systému kontroly predajcov.

Gespeichert in:
Bibliographische Detailangaben
1. Verfasser: Šveda, Lukáš
Format: Buchkapitel
Sprache:Slowakisch
Schlagworte:
Tags: Tag hinzufügen
Keine Tags, Fügen Sie das erste Tag hinzu!

MARC

LEADER 00000naa$a2200000$$$4500
001 0145474
005 20240502072623.6
041 0 |a slo 
044 |a SK 
245 1 0 |a Manažment obchodného personálu ako faktor tvorby etickej klímy v podniku  |c Lukáš Šveda 
520 |a Nová úloha a postavenie predajcov v kontexte tvorby etickej klímy podniku. Význam manažmentu predaja v otázke systému kontroly predajcov. 
610 2 0 |a marketing manažment 
610 2 0 |a etika manažérska 
610 2 0 |a etika podnikateľská 
610 2 0 |a predaj 
610 2 0 |a predajcovia 
610 2 0 |a kontrola 
610 2 0 |a systémy informačné 
100 1 |a Šveda, Lukáš